365 brain games
| Main Author: | Campbell, Guy |
|---|---|
| Other Authors: | Moran, Paul |
| Published: |
Bath:
Parragon,
2008.
|
| Subjects: |
| LEADER | 00491cam a2200169 7i4500 | ||
|---|---|---|---|
| 001 | 0000041789 | ||
| 005 | 20120215090000.0 | ||
| 020 | |a 9781407535050 (pbk.) | ||
| 090 | 0 | 0 | |a BF431.3 |b .C35 2008 |
| 100 | 1 | |a Campbell, Guy | |
| 245 | 1 | 0 | |a 365 brain games |c Guy Campbell, Paul Moran. |
| 260 | |a Bath: |b Parragon, |c 2008. | ||
| 300 | |a 224 p.: |b col. ill.; |c 24 cm. | ||
| 650 | 0 | 0 | |a Puzzles |
| 650 | 0 | 0 | |a Intelligence tests |
| 700 | 1 | |a Moran, Paul | |
| 999 | |a 0000053121 |b BOK |c OPEN SHELF |e 1st Floor, Bestari Jaya | ||


